Himalayan Trees / (Record no. 156136)

MARC details
000 -LEADER
fixed length control field 00524nam a22001817a 4500
005 - DATE AND TIME OF LATEST TRANSACTION
control field 20180820171818.0
010 ## - LCCN (DPL NO)
LC control number ENG-123743
020 ## - INTERNATIONAL STANDARD BOOK NUMBER
Terms of availability 295.00
International Standard Book Number 81824707492
035 ## - SYSTEM CONTROL NUMBER
System control number EN-107275
037 ## - SOURCE OF ACQUISITION
Source of stock number/acquisition DBAD/PUB
082 ## - DEWEY DECIMAL CLASSIFICATION NUMBER
Classification number 582.1609549
100 ## - MAIN ENTRY--PERSONAL NAME
Personal name Mehta, V.P.
245 ## - TITLE STATEMENT
Title Himalayan Trees /
Statement of responsibility, etc by V.P. Mehta
260 ## - PUBLICATION, DISTRIBUTION, ETC. (IMPRINT)
Place of publication, distribution, etc Chandigarh
Name of publisher, distributor, etc Abhishek Publications
Date of publication, distribution, etc 2008
270 ## - ADDRESS
City Chandigarh
Address SCO 57-59, Sector 17-C
Postal code 160017
300 ## - PHYSICAL DESCRIPTION
Extent 111p.
Dimensions 21cm(Hb)
Other physical details ill.
942 ## - ADDED ENTRY ELEMENTS (KOHA)
Source of classification or shelving scheme Dewey Decimal Classification
Item type English Books
Classification part 582.1609549
Call number suffix MEH
Holdings
Withdrawn status Lost status Not for loan Collection code Home library Current library Date acquired Source of acquisition Cost, normal purchase price Full call number Barcode Copy number Cost, replacement price Koha item type
    Not For Loan Non-fiction D.B.Act.Division Bawana 21/08/2018 DBAD/PUB 295.00 582.1609549 MEH EN-107275 1 295.00 English Books

© Delhi Public Library
Hit Counter
free hit counter